[Event "HUN-chT U18"]
[Site "Budapest"]
[Date "2022.11.03"]
[Round "6.3"]
[White "Szarka, Tibor"]
[Black "Vadkerti, Vince"]
[Result "1/2-1/2"]
[WhiteElo "1656"]
[BlackElo "1718"]
[PlyCount "37"]
[EventDate "2022.10.31"]
[EventType "team-swiss"]
[EventRounds "7"]
[EventCountry "HUN"]
[SourceTitle "CBM 211 Extra"]
[Source "ChessBase"]
[SourceDate "2023.01.31"]
[SourceVersion "1"]
[SourceVersionDate "2023.01.31"]
[SourceQuality "1"]
[WhiteTeam "Haladas"]
[BlackTeam "Meritum Egyesuelet"]
[WhiteTeamCountry "HUN"]
[BlackTeamCountry "HUN"]

1. e4 c5 2. Nf3 g6 3. d4 cxd4 4. Nxd4 Bg7 5. c4 Nc6 6. Be3 Nf6 7. Nc3 d6 8. Be2 Bd7 9. 0-0 0-0 10. Re1 Rc8 11. b3 Nxd4 12. Bxd4 Bc6 13. Bf1 a5 14. e5 dxe5 15. Bxe5 Qb6 16. Qc2 Rfd8 17. g3 Ne4 18. Nxe4 Bxe5 19. Rad1 1/2-1/2

[Event "HUN-chT Region CSB"]
[Site "Hungary"]
[Date "2021.11.06"]
[Round "2.1"]
[White "Joo, Gabor"]
[Black "Szarka, Tibor"]
[Result "1/2-1/2"]
[WhiteElo "1970"]
[BlackElo "1620"]
[PlyCount "44"]
[EventDate "2021.11.06"]
[EventType "team-swiss"]
[EventRounds "10"]
[EventCountry "HUN"]
[SourceTitle "EXT 2023"]
[Source "ChessBase"]
[SourceDate "2022.10.05"]
[SourceVersion "1"]
[SourceVersionDate "2022.10.05"]
[SourceQuality "1"]
[WhiteTeam "Vasalja Hatarmenti"]
[BlackTeam "Szombathely"]
[WhiteTeamCountry "HUN"]
[BlackTeamCountry "HUN"]

1. d4 Nf6 2. Nf3 d6 3. e3 Nbd7 4. c4 e5 5. dxe5 Nxe5 6. Nxe5 dxe5 7. Qxd8+ Kxd8 8. Nc3 c6 9. Be2 Kc7 10. 0-0 Bf5 11. Rd1 a5 12. b3 Be7 13. Bb2 Rhd8 14. Rxd8 Rxd8 15. Rd1 Rxd1+ 16. Nxd1 Nd7 17. Nc3 f6 18. Kf1 Nc5 19. Ba3 Bd6 20. f3 Bd3 21. Bxd3 Nxd3 22. Bxd6+ Kxd6 1/2-1/2

[Event "HUN-chT U18"]
[Site "Budapest"]
[Date "2021.10.25"]
[Round "2.28"]
[White "Szarka, Tibor"]
[Black "Csiki, Laszlo Levente"]
[Result "1-0"]
[WhiteElo "1503"]
[BlackElo "1637"]
[PlyCount "75"]
[EventDate "2021.10.24"]
[EventType "team-tourn"]
[EventRounds "7"]
[EventCountry "HUN"]
[SourceTitle "CBM 205 Extra"]
[Source "ChessBase"]
[SourceDate "2022.01.31"]
[SourceVersion "1"]
[SourceVersionDate "2022.01.31"]
[SourceQuality "1"]

1. e4 e5 2. Nf3 Nc6 3. Bc4 Nf6 4. d3 Be7 5. 0-0 d6 6. h3 a6 7. Nc3 Na5 8. Bb3 Nxb3 9. axb3 0-0 10. d4 exd4 11. Nxd4 d5 12. e5 Ne8 13. Qf3 c5 14. Nf5 Nc7 15. Nxe7+ Qxe7 16. Nxd5 Qxe5 17. Nb6 Ra7 18. Bf4 Qe7 19. Qg3 Nb5 20. Bb8 Bf5 21. Bxa7 Nxa7 22. Nd5 Qe6 23. Ne3 Bg6 24. Rad1 Nc6 25. c3 Qxb3 26. Rd2 c4 27. Re1 Bd3 28. Nd5 Qb5 29. Nf6+ Kh8 30. Nd7 Rg8 31. Qf4 Qd5 32. Nf6 Qd8 33. Nxg8 Kxg8 34. Qe3 Kf8 35. Qc5+ Kg8 36. Qxc4 Bxc4 37. Rxd8+ Nxd8 38. Re8# 1-0

[Event "HUN--chT U12"]
[Site "Budapest"]
[Date "2019.10.28"]
[Round "5.1"]
[White "Konyves, Almos"]
[Black "Szarka, Tibor"]
[Result "1-0"]
[WhiteElo "2006"]
[BlackElo "1469"]
[PlyCount "45"]
[EventDate "2019.10.26"]
[EventType "team-swiss"]
[EventRounds "7"]
[EventCountry "HUN"]
[SourceTitle "CBM 192 Extra"]
[Source "Chessbase"]
[SourceDate "2019.11.06"]
[SourceVersion "1"]
[SourceVersionDate "2019.11.06"]
[SourceQuality "1"]
[WhiteTeam "Baptista Sakkiskola"]
[BlackTeam "Szombathelyi"]
[WhiteTeamCountry "HUN"]
[BlackTeamCountry "HUN"]

1. c4 e5 2. g3 Nf6 3. Bg2 d5 4. cxd5 Nxd5 5. Nc3 Nb6 6. Nf3 Nc6 7. d3 Be7 8. 0-0 0-0 9. a3 Be6 10. b4 a6 11. Bb2 f6 12. Rb1 Bf5 13. Nd2 Qd7 14. Nce4 Bh3 15. Qb3+ Kh8 16. Bxh3 Qxh3 17. Nc5 f5 18. Nf3 Bd6 19. Nxb7 Rf6 20. Rfc1 Nd4 21. Bxd4 exd4 22. Nxd6 Rxd6 23. Ng5 1-0

[Event "HUN--chT U12"]
[Site "Budapest"]
[Date "2019.10.27"]
[Round "3.1"]
[White "Thierry, Edvard"]
[Black "Szarka, Tibor"]
[Result "1-0"]
[WhiteElo "1507"]
[BlackElo "1469"]
[PlyCount "75"]
[EventDate "2019.10.26"]
[EventType "team-swiss"]
[EventRounds "7"]
[EventCountry "HUN"]
[SourceTitle "CBM 192 Extra"]
[Source "Chessbase"]
[SourceDate "2019.11.06"]
[SourceVersion "1"]
[SourceVersionDate "2019.11.06"]
[SourceQuality "1"]
[WhiteTeam "Csepel"]
[BlackTeam "Szombathelyi"]
[WhiteTeamCountry "HUN"]
[BlackTeamCountry "HUN"]

1. e4 d6 2. d4 Nf6 3. Nc3 Nbd7 4. Nf3 e5 5. dxe5 dxe5 6. Bd3 c6 7. 0-0 Be7 8. h3 0-0 9. Be3 b5 10. a3 a6 11. b4 Bb7 12. Na2 c5 13. bxc5 Nxe4 14. Nb4 Nexc5 15. Bf5 Bf6 16. Rb1 Qe7 17. Nd5 Bxd5 18. Qxd5 Rac8 19. Bxc5 Rxc5 20. Qxd7 Qxd7 21. Bxd7 Rxc2 22. Bf5 Ra2 23. Rb3 Be7 24. Nxe5 Rxa3 25. Rxa3 Bxa3 26. Nf3 Ra8 27. Nd4 Bd6 28. Be4 Rb8 29. Nc6 Rb6 30. Rd1 Bf8 31. Rd8 g6 32. Rb8 Rxb8 33. Nxb8 a5 34. Bc6 b4 35. Ba4 Bd6 36. Nc6 Bc7 37. Kf1 Kf8 38. Ke2 1-0

[Event "HUN-ch U12"]
[Site "Balatonlelle"]
[Date "2019.06.24"]
[Round "5"]
[White "Szarka, Tibor"]
[Black "Vancsisin, Mark"]
[Result "1/2-1/2"]
[WhiteElo "1379"]
[BlackElo "1246"]
[PlyCount "66"]
[EventDate "2019.06.21"]
[EventType "swiss"]
[EventRounds "9"]
[EventCountry "HUN"]
[SourceTitle "CBM 191 Extra"]
[Source "ChessBase"]
[SourceDate "2019.09.30"]
[SourceVersion "1"]
[SourceVersionDate "2019.09.30"]
[SourceQuality "1"]

1. e4 e5 2. Nf3 Nc6 3. Bc4 Bc5 4. 0-0 Nf6 5. d3 d6 6. c3 Bb6 7. Bb3 Ne7 8. h3 Ng6 9. Re1 0-0 10. Nbd2 c6 11. Nf1 Nh5 12. Ne3 Ngf4 13. d4 Qf6 14. Kh2 Qg6 15. Qc2 exd4 16. cxd4 Re8 17. e5 dxe5 18. Nxe5 Qxc2 19. Bxf7+ Kf8 20. Nxc2 Rxe5 21. Rxe5 Kxf7 22. g3 Bc7 23. Bxf4 Nxf4 24. gxf4 Bxe5 25. fxe5 Be6 26. a3 Rd8 27. f4 Bb3 28. Rc1 Bxc2 29. Rxc2 Rxd4 30. Rf2 Ke6 31. h4 Rd3 32. Kg2 g6 33. Rf3 Rd2+ 1/2-1/2

[Event "Steyr Landesliga 1819"]
[Site "Austria"]
[Date "2019.01.26"]
[Round "7.8"]
[White "Ellmer, Lukas"]
[Black "Szarka, Tibor"]
[Result "1-0"]
[WhiteElo "1453"]
[BlackElo "1363"]
[PlyCount "91"]
[EventDate "2018.10.06"]
[EventType "team-tourn"]
[EventRounds "11"]
[EventCountry "AUT"]
[SourceTitle "CBM 189 Extra"]
[Source "ChessBase"]
[SourceDate "2019.06.03"]
[SourceVersion "1"]
[SourceVersionDate "2019.06.03"]
[SourceQuality "1"]
[WhiteTeam "Pinggau Friedberg"]
[BlackTeam "Graz Schachgesellschaft"]
[WhiteTeamCountry "AUT"]
[BlackTeamCountry "AUT"]

1. d4 f5 2. c4 Nf6 3. Nc3 e6 4. Nf3 d5 5. Bf4 Bd6 6. Bxd6 Qxd6 7. e3 c6 8. Be2 0-0 9. 0-0 Ne4 10. Ne5 Nd7 11. Nxd7 Bxd7 12. f4 Qe7 13. Nxe4 dxe4 14. c5 Kh8 15. Bc4 Rg8 16. Rf2 g5 17. g3 Rg6 18. Qb3 Rb8 19. Qc3 Qg7 20. Rc1 h5 21. Rcc2 h4 22. Rg2 Rg8 23. Kf1 gxf4 24. exf4 h3 25. Rg1 Kh7 26. Rd2 Rg4 27. Qe3 Rg6 28. Rf2 Rf6 29. Rd2 Be8 30. Be2 Qh6 31. Kf2 Bh5 32. Bxh5 Qxh5 33. Qe2 Qxe2+ 34. Kxe2 Kh6 35. Ke3 Kh5 36. Rf2 Kg4 37. Rd1 Rd8 38. Rfd2 Rf7 39. b4 a5 40. Rb1 axb4 41. Rxb4 Ra8 42. a4 Kh5 43. Rdb2 Ra7 44. Ra2 b5 45. cxb6 Rab7 46. a5 1-0

[Event "Steyr Landesliga 1819"]
[Site "Austria"]
[Date "2018.11.17"]
[Round "5.8"]
[White "Szarka, Tibor"]
[Black "Maurer, Maximilian"]
[Result "1/2-1/2"]
[WhiteElo "1363"]
[BlackElo "1009"]
[PlyCount "54"]
[EventDate "2018.10.06"]
[EventType "team-tourn"]
[EventRounds "11"]
[EventCountry "AUT"]
[SourceTitle "CBM 189 Extra"]
[Source "ChessBase"]
[SourceDate "2019.06.03"]
[SourceVersion "1"]
[SourceVersionDate "2019.06.03"]
[SourceQuality "1"]
[WhiteTeam "Graz Schachgesellschaft"]
[BlackTeam "Gratwein Strassengel"]
[WhiteTeamCountry "AUT"]
[BlackTeamCountry "AUT"]

1. e4 g6 2. d4 Bg7 3. Nf3 d6 4. Nc3 Nf6 5. Bc4 a6 6. 0-0 b5 7. Bb3 0-0 8. a3 c5 9. dxc5 dxc5 10. Qxd8 Rxd8 11. Bd5 Nxd5 12. Nxd5 e6 13. Ne7+ Kf8 14. Nxc8 Rxc8 15. c3 Nc6 16. Bf4 Rd8 17. Rad1 Ke7 18. h3 Rxd1 19. Rxd1 Rd8 20. Rxd8 Kxd8 21. Kf1 b4 22. Bd6 bxc3 23. bxc3 c4 24. Nd2 Bxc3 25. Nxc4 Kd7 26. Ke2 Na5 27. Nxa5 Bxa5 1/2-1/2

[Event "Steyr Landesliga 1718"]
[Site "Austria"]
[Date "2017.09.30"]
[Round "1.8"]
[White "Strobl, Samuel"]
[Black "Szarka, Tibor"]
[Result "1-0"]
[WhiteElo "1555"]
[BlackElo "1260"]
[PlyCount "69"]
[EventDate "2017.09.30"]
[EventType "team-tourn"]
[EventRounds "11"]
[EventCountry "AUT"]
[SourceTitle "CBM 181 Extra"]
[Source "ChessBase"]
[SourceDate "2017.12.12"]
[SourceVersion "1"]
[SourceVersionDate "2017.12.12"]
[SourceQuality "1"]
[WhiteTeam "Leibnitz"]
[BlackTeam "Graz Schachgesellschaft"]
[WhiteTeamCountry "AUT"]
[BlackTeamCountry "AUT"]

1. e4 e5 2. Nf3 Nc6 3. Bb5 a6 4. Ba4 Nf6 5. 0-0 b5 6. Bb3 Bc5 7. Re1 0-0 8. c3 d6 9. h3 Be6 10. Bc2 Bb6 11. d4 exd4 12. cxd4 Bd7 13. Bg5 h6 14. Bh4 Qe8 15. Bxf6 gxf6 16. Qd2 Kg7 17. Nc3 Nb4 18. Bb1 Nc6 19. a3 Na5 20. Bc2 Nc4 21. Qc1 Bc6 22. Nd5 Bxd5 23. exd5 Qd7 24. Nh4 Rh8 25. Nf5+ Kf8 26. b3 Na5 27. Qf4 h5 28. Ng3 Kg7 29. Nf5+ Kf8 30. Re7 Qc8 31. Rae1 Rb8 32. Qh4 Bxd4 33. Qxd4 Rh7 34. Qxf6 Qb7 35. Re8+ 1-0